Účtovné zobrazenie skutočností v spoločnosti zrušenej s likvidáciou diplomová práca

Saved in:
Bibliographic Details
Main Author: Borárosová, Gyöngyi
Corporate Author: Fakulta hospodárskej informatiky EU. Katedra účtovníctva a audítorstva
Other Authors: Stanley, Renáta, 1981-
Format: Book
Language:Slovak
Published: Bratislava 2014
Tags: Add Tag
No Tags, Be the first to tag this record!

MARC

LEADER 00000nbm a2200000 4500
001 0188621
005 20170201104909.1
041 0 |a slo 
044 |a SK 
245 1 0 |a Účtovné zobrazenie skutočností v spoločnosti zrušenej s likvidáciou  |b diplomová práca  |c Gyöngyi Borárosová ; školiteľ: Renáta Stanley 
264 1 |a Bratislava  |c 2014 
300 |a 69 s. 
100 1 |a Borárosová, Gyöngyi 
700 1 |a Stanley, Renáta, 1981- 
710 2 |a Fakulta hospodárskej informatiky EU. Katedra účtovníctva a audítorstva